Colors of the Rainbow: 20 Seconds - Statistics

General Stats
  • This quiz has been taken 59 times
  • The average score is 6 of 7
Answer Stats
Hint Answer % Correct
2 Orange
100%
4 Green
98%
1 Red
98%
3 Yellow
98%
5 Blue
95%
6 Indigo
81%
7 Violet
76%
No matching quizzes found
Score Distribution
Percent of People with Each Score
Percentile by Number Answered
Your Score History
You have not taken this quiz